Vista normal
Vista MARC
Entrada Corporate Name
Número de registros utilizados en: 1
001 - CONTROL NUMBER
- control field: 39189
003 - CONTROL NUMBER IDENTIFIER
- control field: OSt
005 - DATE AND TIME OF LATEST TRANSACTION
- control field: 20210809142054.0
008 - FIXED-LENGTH DATA ELEMENTS
- fixed length control field: 210809|| aca||aabn | a|a d
040 ## - CATALOGING SOURCE
- Original cataloging agency: OSt
- Transcribing agency: OSt
110 ## - HEADING--CORPORATE NAME
- Corporate name or jurisdiction name as entry element: BNP Paribas
670 ## - SOURCE DATA FOUND
- Source citation: Work cat.: (OSt)12099: 27289, Guide to structured products / , 2006.